Entry Término temático
001 - NÚMERO DE CONTROL
- campo de control: 1780
003 - IDENTIFICADOR DEL NÚMERO DE CONTROL
- campo de control: BNPHU
005 - FECHA Y HORA DE LA ÚLTIMA TRANSACCIÓN
- campo de control: 20250527115318.0
008 - DATOS DE LONGITUD FIJA
- campo de control de longitud fija: 200615|| aca||aabn | a|a d
040 ## - FUENTE DE LA CATALOGACIÓN
- Centro catalogador/agencia de origen: DO-SdBNP
- Lengua de catalogación: spa
- Centro/agencia transcriptor: BNPHU
- Normas de descripción: rda
150 ## - ENCABEZAMIENTO--TÉRMINO DE MATERIA
- Término de materia o nombre geográfico como elemento de entrada: Planificación empresarial
450 0# - TRAZADO DE VÉASE--TÉRMINO DE MATERIA
- Término de materia o nombre geográfico como elemento de entrada: Business planning
450 ## - TRAZADO DE VÉASE--TÉRMINO DE MATERIA
- Término de materia o nombre geográfico como elemento de entrada: Empresas
- Subdivisión general: Planificación
450 ## - TRAZADO DE VÉASE--TÉRMINO DE MATERIA
- Término de materia o nombre geográfico como elemento de entrada: Corporate planning
- Subcampo de control: nne
450 ## - TRAZADO DE VÉASE--TÉRMINO DE MATERIA
- Término de materia o nombre geográfico como elemento de entrada: Estrategia corporativa
450 ## - TRAZADO DE VÉASE--TÉRMINO DE MATERIA
- Término de materia o nombre geográfico como elemento de entrada: Corporaciones
- Subdivisión general: Planificación
450 0# - TRAZADO DE VÉASE--TÉRMINO DE MATERIA
- Término de materia o nombre geográfico como elemento de entrada: Planificación corporativa
550 ## - TRAZADO VÉASE ADEMÁS--TÉRMINO DE MATERIA
- Subcampo de control: Planificación
550 ## - TRAZADO VÉASE ADEMÁS--TÉRMINO DE MATERIA
- Término de materia o nombre geográfico como elemento de entrada: Planificación estratégica
670 ## - FUENTE DE DATOS ENCONTRADOS
- Cita de la fuente: Work cat.: (OSt)532: Mirabal, Yoselman R., 1969- 1777, Técnicas administrativas :, 2004.
670 ## - FUENTE DE DATOS ENCONTRADOS
- Identificador Uniforme del Recurso: https://librunam.dgb.unam.mx:8443/F/8V8JJ72AALJIMH77PQCACF6P2JLE78S7EIGX9JCTSYD46FCI2R-07569?func=full-set-set&set_number=002126&set_entry=000001&format=001 Consultado en 27 de Mayo, 2025
670 ## - FUENTE DE DATOS ENCONTRADOS
- Identificador Uniforme del Recurso: https://authorities.loc.gov/cgi-bin/Pwebrecon.cgi?AuthRecID=4685112&v1=1&HC=2&SEQ=20250527115227&PID=lQiJrkvCNYlbhAp6z2yNkwgfe0Oe Consultado en 27 de Mayo, 2025
750 ## - ENTRADA DE ENLACE DE ENCABEZAMIENTO ESTABLECIDO--TÉRMINO DE MATERIA
- Número de control del registro de autoridad o número normalizado: sh 85032906
- Término de materia o nombre geográfico como elemento de entrada: Business planning
